<?xml version="1.0" encoding="UTF-8"?><?xml-stylesheet type="text/xsl" href="static/style.xsl"?><OAI-PMH xmlns="http://www.openarchives.org/OAI/2.0/" xmlns:xsi="http://www.w3.org/2001/XMLSchema-instance" xsi:schemaLocation="http://www.openarchives.org/OAI/2.0/ http://www.openarchives.org/OAI/2.0/OAI-PMH.xsd"><responseDate>2026-04-17T01:58:52Z</responseDate><request verb="GetRecord" identifier="oai:www.recercat.cat:10230/68221" metadataPrefix="marc">https://recercat.cat/oai/request</request><GetRecord><record><header><identifier>oai:recercat.cat:10230/68221</identifier><datestamp>2025-12-18T01:20:44Z</datestamp><setSpec>com_2072_6</setSpec><setSpec>col_2072_452952</setSpec></header><metadata><record xmlns="http://www.loc.gov/MARC21/slim" xmlns:dcterms="http://purl.org/dc/terms/" xmlns:xsi="http://www.w3.org/2001/XMLSchema-instance" xmlns:doc="http://www.lyncode.com/xoai" xsi:schemaLocation="http://www.loc.gov/MARC21/slim http://www.loc.gov/standards/marcxml/schema/MARC21slim.xsd">
   <leader>00925njm 22002777a 4500</leader>
   <datafield ind2=" " ind1=" " tag="042">
      <subfield code="a">dc</subfield>
   </datafield>
   <datafield ind2=" " ind1=" " tag="720">
      <subfield code="a">Leibetseder, Doris</subfield>
      <subfield code="e">author</subfield>
   </datafield>
   <datafield ind2=" " ind1=" " tag="720">
      <subfield code="a">Freude, Leon</subfield>
      <subfield code="e">author</subfield>
   </datafield>
   <datafield ind2=" " ind1=" " tag="260">
      <subfield code="c">2024-10-18T10:44:30Z</subfield>
   </datafield>
   <datafield ind2=" " ind1=" " tag="260">
      <subfield code="c">2024-10-18T10:44:30Z</subfield>
   </datafield>
   <datafield ind2=" " ind1=" " tag="260">
      <subfield code="c">2024</subfield>
   </datafield>
   <datafield ind2=" " ind1=" " tag="520">
      <subfield code="a">Spain and Catalonia are timely and crucial examples for analyzing homonationalism and queer and trans reproduction with Assisted Reproductive Technologies (ART). This essay employs Puar’s (2013) formulation of “homonationalism” as an ideology that privileges LGBTIQ people while simultaneously discriminating against other types of people. The Catalan independence process provides us with important insights into the relationship and interdependence between queer and trans reproduction and the state or nation. Queer and trans people’s reproduction is dependent on the laws of the state, the state depends on the reproduction of its population, and most Western EU-states want to appear as LGBTIQ-friendly. A selection of eight in-depth interviews will be analyzed with the following questions in mind: Are there any differences between Spain and Catalonia concerning access to queer and trans reproduction? Do comments regarding queer and trans reproduction employ racializing or homonationalist ideologies? Is queer and trans reproduction an issue in the Catalan independence process? How do queer and trans people based in Catalonia navigate their reproductive challenges in relation to Spain and Catalonia? These interviews formed part of an EU-funded project on queer and trans reproduction in Europe. In this article, we highlight both the struggles for queer and trans reproduction as well as the complicity of some queer and trans people’s reproduction with homonationalist strategies, and whether and how Spain and Catalonia deploy these homonationalist tools.</subfield>
   </datafield>
   <datafield tag="653" ind2=" " ind1=" ">
      <subfield code="a">Homonationalism</subfield>
   </datafield>
   <datafield tag="653" ind2=" " ind1=" ">
      <subfield code="a">Queer and trans reproduction</subfield>
   </datafield>
   <datafield tag="653" ind2=" " ind1=" ">
      <subfield code="a">Spain</subfield>
   </datafield>
   <datafield tag="653" ind2=" " ind1=" ">
      <subfield code="a">Catalonia</subfield>
   </datafield>
   <datafield tag="653" ind2=" " ind1=" ">
      <subfield code="a">Feminazis</subfield>
   </datafield>
   <datafield ind2="0" ind1="0" tag="245">
      <subfield code="a">Reproductive homonationalism and in/ter/dependence in Spain and Catalonia: “feminazis” and queer and trans reproduction</subfield>
   </datafield>
</record></metadata></record></GetRecord></OAI-PMH>